00540 2200217 4500001002100000005001500021035002000036245004000056100001400096250000600110300003500116260003300151082001200184084001900196020002200215650001700237990001700254990001700271990001700288990001700305INLIS00000000000046120181106102921 a0010-11180000041 aPermainan Bulu Tangkis /cM. Sofyan0 aM. Sofyan a- avi, 70 hlm. :bilus. ;c25 cm. aJakarta :bCV Ricardo,c2009 a796.345 a796.345 SOF p a978-602-8349-93-2 aBulu Tangkis a01597/H/2018 a01598/H/2018 a01599/H/2018 a01758/H/2018